000
00271nam a2200109Ia 4500
001
588691
005
20250717120836.0
008
250717s9999 xx 000 0 und d
245
0
_a
Y-4 SELÇUKLU BACISI
_c
ERHAN AKMAN
260
_b
ÇINARALTI YAYINLARI
_c
2018
300
_b
320
999
_c
588691
_d
588691